Dictionnaire n°6 - Statistiques

Statistiques générales
  • Ce quiz a été pris 122 fois
  • Le résultat moyen est 3 sur 10
Statistiques - réponses
Définitions Classe grammaticale Mots correspondants % Correct
Longue pièce de bois surélevée, en gymnastique Nom Poutre
86%
Personne dépendante à la cocaïne Adjectif Cocaïnomane
57%
Etre mis en possession de quelque chose par un envoi, un don, un paiement,... Verbe Recevoir
46%
Mettre dans un état de dépendance, ramener à l'obéissance Verbe Soumettre
34%
Ce qui contribue au bien-être, à la commodité matérielle Nom Confort
19%
Qui n'a pas des réactions immunitaires normales Adjectif Immunodéprimé
14%
Tuer en sacrifice à une divinité Verbe Immoler
11%
Ensemble de manoeuvres secrètes déloyales Nom Machinations
4%
Très important Adjectif Considérable
1%
Exclamation d'étonnement, d'admiration Interjection Mazette
1%
Aucun quiz correspondant
Distribution des résultats
% des personnes avec chaque résultat
Percentile par nombre de réponses
Votre historique - résultats
Vous n’avez pas pris ce quiz